Poesía rebelde en Latinoamérica / (Registro nro. 13220)

Detalles MARC
000 -LEADER
fixed length control field 00720nam a2200265 u 4500
001 - CONTROL NUMBER
control field 000002039
003 - CONTROL NUMBER IDENTIFIER
control field DO-SdBNP
005 - DATE AND TIME OF LATEST TRANSACTION
control field 20171130094607.0
008 - FIXED-LENGTH DATA ELEMENTS--GENERAL INFORMATION
fixed length control field 090630s1978 d 000 0 spa d
020 ## - INTERNATIONAL STANDARD BOOK NUMBER
International Standard Book Number 9681501837
040 ## - CATALOGING SOURCE
Original cataloging agency BPMSU
Language of cataloging spa
Transcribing agency BPMSU
092 ## - LOCALLY ASSIGNED DEWEY CALL NUMBER (OCLC)
Classification number cc
Item number ccc
100 1# - MAIN ENTRY--PERSONAL NAME
Personal name Boccanera, Jorge,
Dates associated with a name 1952-
245 13 - TITLE STATEMENT
Title Poesía rebelde en Latinoamérica /
Statement of responsibility, etc. Jorge Alejandro Boccanera, Saúl Ibargoyen Islas.
260 ## - PUBLICATION, DISTRIBUTION, ETC. (IMPRINT)
Place of publication, distribution, etc. Mexico :
Name of publisher, distributor, etc. Mexicanos Unidos,
Date of publication, distribution, etc. 1978
300 ## - PHYSICAL DESCRIPTION
Extent 348 p. ;
Dimensions 18 cm.
490 ## - SERIES STATEMENT
Series statement Jorge Ortega Torres.
500 ## - GENERAL NOTE
General note
650 #4 - SUBJECT ADDED ENTRY--TOPICAL TERM
Topical term or geographic name as entry element
650 #4 - SUBJECT ADDED ENTRY--TOPICAL TERM
Topical term or geographic name as entry element
910 ## - USER-OPTION DATA (OCLC)
User-option data
942 ## - ADDED ENTRY ELEMENTS (KOHA)
Source of classification or shelving scheme Dewey Decimal Classification
Koha item type Libros
945 ## - LOCAL PROCESSING INFORMATION (OCLC)
a Inventariado extranjero / 2017 VM
956 ## - LOCAL ELECTRONIC LOCATION AND ACCESS (OCLC)
Host name VMATEO
Access number 10
Compression information 20150728
Logon BPMSU
Processor of request 0069
Existencias
Withdrawn status Lost status Source of classification or shelving scheme Damaged status Not for loan Collection code Home library Current library Date acquired Total Checkouts Barcode Date last seen Price effective from Koha item type
    Dewey Decimal Classification     Colección General Biblioteca Pública Metropolitana Salomé Ureña Biblioteca Pública Metropolitana Salomé Ureña 11/30/2017   BPMSU17110547 11/30/2017 11/30/2017 Libros